|
|
|
|
| LEADER |
01461nam a2200325 u 4500 |
| 001 |
10020983 |
| 003 |
upatras |
| 005 |
20240619122227.0 |
| 008 |
990322s1997 us eng |
| 020 |
|
|
|a 0262531445
|
| 040 |
|
|
|a GR-PaULI
|c GR-PaULI
|
| 041 |
0 |
|
|a eng
|
| 082 |
0 |
4 |
|a 415
|
| 100 |
|
|
|a Collins, Chris
|d 1963-
|9 145242
|
| 245 |
1 |
0 |
|a Local economy
|c Chris Collins
|
| 260 |
|
|
|a Cambridge
|b The MIT Press
|c 1997
|
| 300 |
|
|
|a vi, 148 p.
|c 23 cm.
|
| 490 |
0 |
|
|a Linguistic inquiry monographs
|v 29
|
| 504 |
|
|
|a Includes references, index
|
| 650 |
|
0 |
|a Γλωσσολογία
|9 517
|
| 650 |
|
4 |
|a Γραμματική
|9 1160
|
| 650 |
|
4 |
|9 25618
|a Γραμματική, Συγκριτική και γενική
|x Σύνταξη
|
| 760 |
0 |
|
|a Linguistic inquiry monographs
|g 29
|
| 852 |
|
|
|a GR-PaULI
|b ΠΑΤΡΑ
|b ΒΚΠ
|b ΒΣ1
|k ΑΣΧΞ
|h 415 C
|m 040998
|p 025000003974
|t 1
|
| 852 |
|
|
|a GR-PaULI
|b ΠΑΤΡΑ
|b ΦΙΛΟΛΟΓΙΑ
|b ΓΛΚ
|k ΔΑΝΕΙΖ-6
|h 415 COL
|m 4381
|p 025000085815
|t 2
|
| 942 |
|
|
|2 ddc
|c BK15
|
| 952 |
|
|
|0 0
|1 0
|2 ddc
|4 0
|6 415_000000000000000_COL
|7 0
|9 181720
|a LISP
|b LISP
|c BSC
|d 2016-04-24
|i 040998
|l 0
|o 415 COL
|p 025000003974
|r 2016-04-24 00:00:00
|t 1
|w 2016-04-24
|y BK15
|
| 952 |
|
|
|0 0
|1 0
|2 ddc
|4 0
|6 415_000000000000000_COL
|7 0
|9 181721
|a LISP
|b LISP
|c BSC
|d 2016-04-24
|i 4381
|l 0
|o 415 COL
|p 025000085815
|r 2016-04-24 00:00:00
|t 2
|w 2016-04-24
|y BK15
|x Μεταφορά Τμήματος Φιλολογίας
|
| 998 |
|
|
|c ΔΡΑΚΟΠΟΥΛΟΥ
|d 1999-03
|
| 999 |
|
|
|c 112317
|d 112317
|